| 000 | 00450cam a2200169ua 4500 | ||
|---|---|---|---|
| 020 |
_a81-203-1694-0 _c250.00 |
||
| 041 |
_aeng _h |
||
| 082 |
_a620.0045 _bDHI/EN |
||
| 100 | _aDhillon, B.S . | ||
| 245 |
_aEngineering maintainability / _cB.S.Dhillon. _hTextual Documents |
||
| 260 |
_aNew Delhi : _bPrentice Hall of India Pvt Ltd. , _c2000. |
||
| 300 | _a253 ; . | ||
| 365 | _a250.00 | ||
| 504 | _a | ||
| 942 | _cBK | ||
| 999 |
_c10776 _d10776 |
||